000 00982cam a2200241 4500
001 L129012
008 050309n2005 000 0 eng u
020 _a0750662514
035 _a(Sirsi) u129012
041 _aeng
050 _a658.404
_c22
245 _aManagement of knowledge in project environments
260 _aOxford
_bButterworth Heinemann
_c2005
300 _axvii, 242p.
_c25cm.
350 _a29.99
520 _aBrings together contributions from leading academic practices to demonstrate how the management of knowledge can lead to project success in today's changing business environment. Includes international case studies to prove how knowledge can be effectively managed and shows how the management of knowledge can lead to success in project outcomes.
590 _aIKA070605
690 _aProject management
_96261
700 _aLove, Peter E. D.
_xEditor
700 _aFong, Patrick S. W.
_xEditor
700 _aIrani, Zahir
_xEditor
942 _n0
999 _c104084
_d104084